Pichichis históricos de LaLiga - Estadísticas

Estadísticas generales
  • Esta prueba ha sido intentada 340 veces
  • La puntuación promedio es 23 de 34
Estadísticas de respuestas
Temporada Equipo Goles Jugador % Correcto
2014/15 Real Madrid 48 Cristiano Ronaldo
100%
2013/14 Real Madrid 31 Cristiano Ronaldo
100%
2010/11 Real Madrid 40 Cristiano Ronaldo
100%
2020/21 F.C. Barcelona 30 Lionel Messi
100%
2019/20 F.C. Barcelona 25 Lionel Messi
100%
2018/19 F.C. Barcelona 36 Lionel Messi
100%
2017/18 F.C. Barcelona 34 Lionel Messi
100%
2016/17 F.C. Barcelona 37 Lionel Messi
100%
2012/13 F.C. Barcelona 46 Lionel Messi
100%
2011/12 F.C. Barcelona 50 Lionel Messi
100%
2009/10 F.C. Barcelona 34 Lionel Messi
100%
2021/22 Real Madrid 27 Karim Benzema
97%
2015/16 F.C. Barcelona 40 Luis Suárez
96%
2003/04 Real Madrid 24 Ronaldo
94%
1996/97 Fútbol Club Barcelona 34 Ronaldo
94%
2022/23 F.C. Barcelona 23 Robert Lewandowski
90%
2008/09 Atlético de Madrid 32 Diego Forlán
81%
2004/05 Villarreal C.F. 25 Diego Forlán
81%
2000/01 Real Madrid 24 Raúl
79%
1998/99 Real Madrid 25 Raúl
79%
2005/06 F.C. Barcelona 26 Samuel Eto'o
65%
2007/08 R.C.D. Mallorca 27 Daniel Güiza
59%
2006/07 Real Madrid 27 Ruud van Nistelrooy
45%
1993/94 F.C. Barcelona 30 Romário
36%
1989/90 Real Madrid 38 Hugo Sánchez
35%
1990/91 Real Madrid 19 Emilio Butragueño
32%
1992/93 Deportivo de La Coruña 29 Bebeto
28%
2002/03 Deportivo de La Coruña 29 Roy Makaay
26%
2001/02 Deportivo de La Coruña 21 Diego Tristán
25%
1997/98 Atlético de Madrid 24 Christian Vieri
15%
1999/00 Racing de Santander 27 Salva
15%
1994/95 Real Madrid 28 Iván Zamorano
14%
1995/96 C.D. Tenerife 31 Juan Antonio Pizzi
10%
1991/92 Atlético de Madrid 27 Manolo
8%
No se encontraron pruebas coincidentes
Distribución de puntuación
Porcentaje de gente con cada puntuación
Porcentaje por número respondido
Historial de tus puntuaciones
No has intentado esta prueba.